00320 a2200109 450000500170000002000180001708200200003510000220005524500520007726000340012930000470016320250602103700.0 a9976-78-012-5 aLECT 657.48 KIL aKILLAGANE Y. S. M aFinancial accounting for professional students. aDar es Salaam, bNBAA,c2000. axiii, 352p.: ill.; figure, table. c29cm.